| 000 | 00865nam a22002297a 4500 | ||
|---|---|---|---|
| 001 | 48229 | ||
| 003 | BD-RjUL | ||
| 005 | 20211209054501.0 | ||
| 008 | 160813s1981 bg ||||| |||| 00| 0 ben d | ||
| 020 | _c: TK 12.00 | ||
| 035 | _a(BD-RjUL)48348 | ||
| 040 |
_aBD-RjUL _bben _cBD-RjUL |
||
| 041 | _aben | ||
| 082 |
_223 _a891.442 _bFAA 1981 |
||
| 100 |
_aফারাবী, খান মোহাম্মদ _9146077 |
||
| 245 | 1 | 0 |
_aআকাশের ওপারে আকাশ : _bএকটি নাওটক-বিরোধী-নাটক / _cখান মোহাম্মদ ফারাবী |
| 260 |
_aঢাকা : _bবাংলা একাডেমী, _c১৯৮১ |
||
| 300 |
_a১০৮ পৃ. ; _c১৯ সেমি. |
||
| 650 |
_aবাংলা নাটক _9146078 |
||
| 650 |
_aBengali Drama _9146079 |
||
| 942 |
_2ddc _cBK |
||
| 999 |
_c48229 _d48229 |
||